书目信息 |
| 题名: |
道德情操论
|
|
| 作者: | 亚当·斯密 著 ;周帅 译 | |
| 分册: | ||
| 出版信息: | 武汉 华中科技大学出版社 2016 |
|
| 页数: | 395页 | |
| 开本: | 21cm | |
| 丛书名: | ||
| 单 册: | ||
| 中图分类: | B82-095.61 | |
| 科图分类: | ||
| 主题词: | 伦理学--lun li xue--思想史--英国 | |
| 电子资源: | ||
| ISBN: | 978-7-5680-1383-3 | |
| 000 | 00893nam0 22002651 450 | |
| 001 | 0119165309 | |
| 005 | 20170619165309.0 | |
| 010 | @a978-7-5680-1383-3@dCNY38.00 | |
| 100 | @a20160810d2016 em y0chiy50 ea | |
| 101 | 1 | @achi@ceng |
| 102 | @aCN@b420000 | |
| 105 | @aa z 000yy | |
| 106 | @ar | |
| 200 | 1 | @a道德情操论@9dao de qing cao lun@f(英)亚当·斯密著@g周帅译 |
| 210 | @a武汉@c华中科技大学出版社@d2016 | |
| 215 | @a395页@c图@d21cm | |
| 300 | @a大师思想集萃 第二辑 | |
| 330 | @a本书不仅从伦理道德的角度,而且从哲学、法学、心理学和经济学的角度,对资本主义社会生产关系的各个方面作了探讨。 | |
| 500 | 10 | @a道德情操论 |
| 606 | 0 | @a伦理学@9lun li xue@x思想史@y英国 |
| 690 | @aB82-095.61@v5 | |
| 701 | 0 | @c(英)@a亚当·斯密@9ya dang si mi@c(Adam Smith@f1723~1790)@4著 |
| 702 | 0 | @a周帅@9zhou shuai@4译 |
| 801 | 0 | @aCN@b百万庄@c20170616 |
| 905 | @b1011573-8@dB82-095.61@e764@f6 | |
| 道德情操论/(英)亚当·斯密著/周帅译.-武汉:华中科技大学出版社,2016 |
| 395页:图;21cm |
| 大师思想集萃 第二辑 |
| ISBN 978-7-5680-1383-3:CNY38.00 |
| 本书不仅从伦理道德的角度,而且从哲学、法学、心理学和经济学的角度,对资本主义社会生产关系的各个方面作了探讨。 |
| ● |
| 相关链接 |
|
|
|
|
正题名:道德情操论
索取号:B82-095.61/764
 
预约/预借
| 序号 | 登录号 | 条形码 | 馆藏地/架位号 | 状态 | 备注 |
| 1 | 1011573 | 210115739 | 第一样本阅览室/ [索取号:B82-095.61/764] | 在馆 | |
| 2 | 1011574 | 210115748 | 教育系资料室/ [索取号:B82-095.61/764] | 在馆 | |
| 3 | 1011575 | 210115757 | 教育系资料室/ [索取号:B82-095.61/764] | 在馆 | |
| 4 | 1011576 | 210115766 | 教育系资料室/ [索取号:B82-095.61/764] | 在馆 | |
| 5 | 1011577 | 210115775 | 第一借阅区/ [索取号:B82-095.61/764] | 在馆 | |
| 6 | 1011578 | 210115784 | 第一借阅区/ [索取号:B82-095.61/764] | 在馆 |